Random Southern U.S. Cities on a Map - Statistics

General Stats
  • This quiz has been taken 3,451 times
  • The average score is 11 of 16
Answers on the Map
Answers color-coded by a green-red scale on the quiz's map according to % correct below.
 
Answer Stats
Answer % Correct
Miami
97%
New Orleans
97%
Oklahoma City
96%
Key West
95%
Birmingham
93%
Dallas
93%
Little Rock
93%
Tampa
93%
Baton Rouge
92%
Jacksonville
92%
Savannah
92%
Fort Worth
91%
Houston
91%
Mobile
91%
Nashville
91%
Tulsa
91%
Amarillo
90%
El Paso
90%
Galveston
90%
Key Largo
90%
Tallahassee
90%
Baltimore
89%
Memphis
89%
Athens
88%
Atlanta
88%
Austin
88%
Chattanooga
88%
Louisville
88%
Montgomery
88%
Virginia Beach
87%
Dover
86%
Orlando
86%
Richmond
86%
San Antonio
86%
Corpus Christi
85%
Jackson
85%
Knoxville
85%
Charlotte
84%
Raleigh
84%
Annapolis
82%
Pensacola
82%
Chesapeake
81%
Lafayette
81%
Lexington
81%
McAllen
81%
St. Petersburg
81%
Charleston
80%
Fort Lauderdale
80%
Frankfort
80%
Gulfport
80%
Lubbock
80%
Sarasota
80%
Huntsville
79%
Asheville
78%
Cape Canaveral
78%
Columbia
78%
Roanoke
78%
Texarkana
78%
Augusta
77%
Cape Coral
77%
Laredo
77%
Hilton Head Island
76%
Myrtle Beach
76%
Panama City
75%
Lynchburg
74%
Norfolk
74%
Shreveport
74%
Winston-Salem
74%
Durham
73%
Port St. Lucie
73%
Abilene
72%
Midland
72%
Naples
72%
Washington
72%
Bowling Green
71%
Brownsville
70%
Macon
70%
St. Augustine
69%
Melbourne
68%
Greensboro
67%
Wilmington
67%
Bentonville
66%
College Station
66%
Pigeon Forge
66%
Tuscaloosa
66%
Greenville
65%
Lake Charles
65%
Waco
65%
Lakeland
64%
Morgantown
64%
Ocala
64%
Tupelo
64%
Clarksville
63%
Johnson City
63%
Enid
62%
Vicksburg
62%
Wheeling
62%
Beaumont
61%
Deltona
61%
Fayetteville
61%
Williamsburg
61%
Hot Springs
60%
Valdosta
60%
Charlottesville
59%
Dothan
59%
Fort Smith
59%
Hattiesburg
59%
Kill Devil Hills
59%
Monroe
59%
Murfreesboro
59%
Paducah
58%
Spartanburg
58%
Paris
57%
Albany
56%
Clarksburg
56%
Huntington
56%
Parkersburg
56%
Muskogee
55%
Natchitoches
54%
Oxford
54%
Shawnee
54%
Columbus
53%
Frederick
53%
Homestead
53%
Boise City
52%
Lawton
52%
North Port
52%
Rome
52%
San Angelo
52%
Wichita Falls
52%
Harrisonburg
51%
Jonesboro
51%
Killeen
51%
Oak Ridge
51%
Alexandria
49%
Covington
49%
Eagle Pass
49%
Owensboro
49%
Hagerstown
48%
New Bern
48%
Newnan
48%
Denton
47%
Anderson
46%
Brunswick
46%
Cumberland
46%
Dyersburg
46%
Hickory
46%
Roanoke Rapids
46%
Winchester
46%
Petersburg
45%
Salisbury
45%
Denison
44%
Longview
44%
Gainesville
43%
Goldsboro
43%
Beaufort
42%
Elizabeth City
42%
Pascagoula
42%
Statesboro
42%
Ponca City
41%
LaGrange
39%
Houma
38%
Tullahoma
35%
Weirton
34%
Victoria
30%
No matching quizzes found
Score Distribution
Percent of People with Each Score
Percentile by Number Answered
Your Score History
You have not taken this quiz